000 01165nam a2200313 i 4500
003 EG-GICUC
005 20260228094745.0
008 260228s1955 -uk fr|||| 001 0 eng d
040 _aEG-GiCUC
_beng
_cEG-GiCUC
_dEG-GiCUC
_erda
041 0 _aeng
082 0 4 _221
_a341.71
_bSC . O
092 0 4 _221
099 _aLaw1 11 341.71 SC . O 1955
100 1 _aSchapiro, Leonard
_eAuthor.
245 1 4 _aThe Origin Of The Communist Autocracy :
_bPolitical Opposition In The Soviet State First Phase 1917-1922 /
_cBy Leonard Schapiro.
264 1 _aLondon :
_bG. Bell And Sons,
_c1955.
300 _a397pages,
_c24 cm
336 _2rda content
_atext
337 _2rda media
_aComputer
338 _2rda carrier
_aOnline Resource
500 _aRemote Itaque Justitia Gitid Sunt Vegna Nid Magna Latrocinia Saint Augustine
504 _aIncludes bibliographical references and index.
546 _aText in English
650 1 4 _aPublic international law
710 2 _aThe London School Of Economics And Political Science (University Of London)
856 4 0 _uhttps://fll.law.cu.edu.eg/fulltext/bks/B11-08211.pdf
905 _a48
942 _2ddc
_cBK
_e21
_n0
999 _c64353
_d64353